000 00293nam a22001097a 4500
008 160511b xxu||||| |||| 00| 0 eng d
020 _a141605863X
041 _aeng
080 _a611
245 _aRheumatic disease clinics of North America / Scleroderma:
_cFrederick M. Wigley;
942 _2udc
_cBK
999 _c2049
_d2049